[Event "Autumn 2010"]
[Site "SchemingMind.com"]
[Date "2010.09.14"]
[Round "-"]
[White "maro"]
[Black "Shanks"]
[Result "0-1"]
[WhiteCountry "MEX"]
[BlackCountry "ENG"]
[WhiteElo "1316"]
[WhiteRD "61"]
[BlackElo "1420"]
[BlackRD "68"]
[GameID "259906"]

1. d4 d5 2. e4 c6 3. e5 e6 4. Nf3 h6 5. Bd3 Nd7 6. O-O a6 7. a3 c5 8. dxc5 Nxc5 9. Be3 Nxd3 10. Qxd3 Ne7
11. Nc3 Nf5 12. Na4 Nxe3 13. Qxe3 Be7 14. b4 Rb8 15. Nb6 O-O 16. Rad1 g5 17. c4 Bd7 18. cxd5 exd5 19. Rxd5 g4 20. Rxd7 Qe8
21. e6 f6 22. Nh4 f5 23. Qxh6 Bxh4 24. Qxh4 Qg6 25. e7 Rfe8 26. Nd5 Kg7 27. Nf4 Qh7 28. Nh5+ Kf7 29. Qf6+ Kg8 30. Qe6+ Qf7
31. Nf6+ Kg7 32. Nxe8+ Rxe8 33. Qe5+ Qf6 34. Qe3 b5 35. g3 Kf7 36. Qb3+ Kg6 37. Qg8+ Rxg8 38. Re1 Re8 39. Kg2 Qc6+
0-1

[Event "Autumn 2010"]
[Site "SchemingMind.com"]
[Date "2010.09.14"]
[Round "-"]
[White "Shanks"]
[Black "maro"]
[Result "1-0"]
[WhiteCountry "ENG"]
[BlackCountry "MEX"]
[WhiteElo "1471"]
[WhiteRD "71"]
[BlackElo "1333"]
[BlackRD "59"]
[GameID "259907"]

1. d4 d5 2. a3 e5 3. dxe5 Bc5 4. Nf3 Bd7 5. Nbd2 Ne7 6. Nb3 b6 7. Nxc5 bxc5 8. c3 O-O 9. g3 h6 10. Bg2 Nbc6
11. O-O Be6 12. Bd2 c4 13. b4 cxb3 14. Qxb3 d4 15. Qc2 Bf5 16. Qc1 d3 17. e3 Na5 18. Rb1 Be4 19. Rd1 Qd5 20. c4 Nxc4
21. Ne1 Bxg2 22. Nxg2 Nc6 23. Nf4 Qe4 24. a4 N6xe5 25. Nxd3 Nxd3 26. Qc3 Rfd8 27. a5 Qf5 28. f4 Nxa5 29. Qxa5 Qe4 30. Qc3 Qf3
31. Rf1 Qe2 32. Rbe1 Qg4 33. e4 Rd7 34. Re3 Rad8 35. e5 Rd5 36. Rff3 Rc5 37. Qa1 a5 38. Rf1 Rc2 39. Bc3 Re2 40. Rxe2 Qxe2
41. Bxa5 Qe3+ 42. Kg2 Qe4+ 43. Kg1 Qe3+ 44. Kg2 Qe4+ 45. Kg1= Nc5 46. Bxc7 Ra8 47. Qd1 Ra2 48. Rf2 Qe3 49. Qf1 Re2 50. Qxe2 Qc1+
51. Qf1
1-0

[Event "Autumn 2010"]
[Site "SchemingMind.com"]
[Date "2010.09.23"]
[Round "-"]
[White "tom claxton"]
[Black "Shanks"]
[Result "0-1"]
[WhiteCountry "ENG"]
[BlackCountry "ENG"]
[WhiteElo "1438"]
[WhiteRD "59"]
[BlackElo "1319"]
[BlackRD "77"]
[GameID "260597"]

1. e4 d6 2. Nf3 e5 3. Bc4 Nf6 4. d3 h6 5. Nc3 Nbd7 6. Nd5 Nxd5 7. Bxd5 Nf6 8. Bc4 c6 9. Nh4 Bg4 10. f3 Bd7
11. Nf5 b5 12. Bb3 a5 13. c3 a4 14. Bxf7+ Kxf7 15. O-O Bxf5 16. exf5 h5 17. Bg5 Be7 18. Qe2 Qd7 19. g4 hxg4 20. fxg4 Rh7
21. h3 Rxh3 22. Rf2 Rah8 23. Kg2 c5 24. d4 cxd4 25. cxd4 Qb7+ 26. Rf3 Rh2+ 27. Kf1 Rxe2 28. Kxe2 Qe4+ 29. Be3 Rh2+ 30. Rf2 Qxg4+
31. Kf1 Rh1#
0-1

[Event "Autumn 2010"]
[Site "SchemingMind.com"]
[Date "2010.09.18"]
[Round "-"]
[White "tom claxton"]
[Black "maro"]
[Result "1-0"]
[WhiteCountry "ENG"]
[BlackCountry "MEX"]
[WhiteElo "1386"]
[WhiteRD "68"]
[BlackElo "1304"]
[BlackRD "54"]
[GameID "260598"]

1. d4 d5 2. Nc3 Nf6 3. Nf3 Ne4 4. Nxe4 dxe4 5. Ne5 Qd5 6. e3 c5 7. c3 cxd4 8. exd4 f6 9. Bc4 Qa5 10. Nf7 Rg8
11. O-O g6 12. Nd6+ exd6 13. Bxg8 h5 14. Be3 Bg4 15. f3 exf3 16. gxf3 Bh3 17. Re1 d5 18. Bh6+ Kd8 19. Bxf8 Nd7 20. Be7+ Kc7
21. Bb4 Qb5 22. Bh7 g5 23. Bd3 Qc6 24. Qe2 a6 25. Qe7 Kb6 26. Re6
1-0

[Event "Autumn 2010"]
[Site "SchemingMind.com"]
[Date "2010.09.23"]
[Round "-"]
[White "Shanks"]
[Black "tom claxton"]
[Result "1/2-1/2"]
[WhiteCountry "ENG"]
[BlackCountry "ENG"]
[WhiteElo "1390"]
[WhiteRD "72"]
[BlackElo "1440"]
[BlackRD "62"]
[GameID "260599"]

1. d4 d5 2. Nc3 Nc6 3. e3 e6 4. g3 Nf6 5. Bg2 Na5 6. a3 c5 7. dxc5 Bxc5 8. Nf3 Bd6 9. O-O O-O 10. Nb5 Ne4
11. Nxd6 Qxd6 12. b4 Nc4 13. Nd2 Ncxd2 14. Bxd2 Bd7 15. Bc1 Nc3 16. Qe1 Na4 17. Qe2 Rac8 18. e4 Nc3 19. Qd2 Bb5 20. Re1 Bc4
21. Kh1 b5 22. Qxc3 f6 23. Qe3 a6 24. c3 e5 25. exd5 Bxd5 26. Bxd5+ Qxd5+ 27. Kg1 Rfd8 28. Bd2 Rd6 29. Rad1 Kf7 30. Qe2 Rcd8
31. h4 Qa2 32. Qh5+ Kg8 33. Qe2 Rxd2 34. Rxd2 Rxd2 35. Qe3 Qc2 36. Qa7 Rxf2 37. Qxf2=
1/2-1/2

[Event "Autumn 2010"]
[Site "SchemingMind.com"]
[Date "2010.09.18"]
[Round "-"]
[White "maro"]
[Black "tom claxton"]
[Result "1-0"]
[WhiteCountry "MEX"]
[BlackCountry "ENG"]
[WhiteElo "1304"]
[WhiteRD "54"]
[BlackElo "1386"]
[BlackRD "68"]
[GameID "260600"]

1. d4 d5 2. Nc3 e6 3. e3 Nh6 4. e4 dxe4 5. Nxe4 f5 6. Bg5 Be7 7. Bxe7 Qxe7 8. Qh5+ Nf7 9. Ng5 g6 10. Qf3 Nxg5
11. Qf4 c6 12. Qe5 O-O 13. Bc4 Nd7 14. Qf4 Ne4 15. O-O-O Nb6 16. Bb3 Nd5 17. Bxd5 exd5 18. Re1 Qb4 19. c3 Qa5 20. Nh3 Qxa2
21. Kc2 Bd7 22. f3 Rae8 23. fxe4 fxe4 24. Qd6 Qa5 25. Qxd7 Re7 26. Qxe7 Rf7 27. Qe6 Qd8 28. Rhf1 Qe8 29. Qg4 b5 30. Ng5 Rxf1
31. Rxf1 a5 32. Rf6 Kg7 33. Re6 Qf8 34. Qg3 Kh6 35. Qh4+ Kg7 36. Qxh7#
1-0

[Event "Autumn 2010"]
[Site "SchemingMind.com"]
[Date "2010.09.27"]
[Round "-"]
[White "Shell"]
[Black "Shanks"]
[Result "0-1"]
[WhiteCountry "ENG"]
[BlackCountry "ENG"]
[WhiteElo "1256"]
[WhiteRD "73"]
[BlackElo "1452"]
[BlackRD "68"]
[GameID "261199"]

1. d4 d5 2. c4 c6 3. Nc3 dxc4 4. e4 b5 5. a4 a6 6. axb5 cxb5 7. Nxb5 Bb7 8. Na3 Bxe4 9. Bxc4 Bxg2 10. f3 Bxh1
11. d5 Nf6 12. b4 Qd6 13. b5 Qe5+ 14. Ne2 Bxf3 15. Bf4 Qh5 16. bxa6 Nbd7 17. Nb5 Qh4+ 18. Bg3 Qxc4 19. Na3 Qxa6 20. Nb5 Qxa1
21. Nc7+ Kd8 22. d6 Qxd1+ 23. Kxd1 Ra1+ 24. Kd2 Ne4+ 25. Ke3 Nxg3 26. hxg3 Ra3+ 27. Kf2 Bxe2 28. Kxe2 exd6 29. Nb5 Rxg3
0-1

[Event "Autumn 2010"]
[Site "SchemingMind.com"]
[Date "2010.09.23"]
[Round "-"]
[White "Shell"]
[Black "maro"]
[Result "0-1"]
[WhiteCountry "ENG"]
[BlackCountry "MEX"]
[WhiteElo "1272"]
[WhiteRD "74"]
[BlackElo "1304"]
[BlackRD "54"]
[GameID "261200"]

1. d4 d5 2. c4 Nf6 3. Nf3 e6 4. Nc3 dxc4 5. e4 Bb4 6. Bg5 h6 7. Bxf6 Qxf6 8. Bxc4 Qf4 9. Qa4+ Bd7 10. Qxb4 b6
11. Ne2 Qxe4 12. O-O Nc6 13. Qd2 O-O 14. Nc3 Qg6 15. Nb5 Na5 16. b3 Bc6 17. Ne5 Qxg2#
0-1

[Event "Autumn 2010"]
[Site "SchemingMind.com"]
[Date "2010.09.23"]
[Round "-"]
[White "Shell"]
[Black "tom claxton"]
[Result "1-0"]
[WhiteCountry "ENG"]
[BlackCountry "ENG"]
[WhiteElo "1272"]
[WhiteRD "74"]
[BlackElo "1386"]
[BlackRD "68"]
[GameID "261201"]

1. d4 d5 2. c4 e6 3. Nf3 dxc4 4. e4 Bb4+ 5. Nc3 Nc6 6. Bxc4 Nge7 7. O-O O-O 8. a3 Ba5 9. d5 exd5 10. exd5 Nb8
11. b4 Bb6 12. Bf4 c6 13. d6 Nf5 14. Ng5 h6 15. Nxf7 Qd7 16. Nxh6+ Kh7 17. Bd3 Bd4 18. Bxf5+ Rxf5 19. Nxf5 Bxc3 20. Qh5+ Kg8
21. Ne7+ Kf8 22. Qh8+ Kf7 23. Qg8+ Kf6 24. Qf8+ Ke6 25. Qf5#
1-0

[Event "Autumn 2010"]
[Site "SchemingMind.com"]
[Date "2010.09.27"]
[Round "-"]
[White "Shanks"]
[Black "Shell"]
[Result "0-1"]
[WhiteCountry "ENG"]
[BlackCountry "ENG"]
[WhiteElo "1457"]
[WhiteRD "67"]
[BlackElo "1244"]
[BlackRD "85"]
[GameID "261202"]

1. d4 d5 2. g3 Nf6 3. Bg2 e6 4. e3 Bb4+ 5. c3 Bd6 6. Nd2 O-O 7. a3 Nc6 8. c4 dxc4 9. Nxc4 Be7 10. Nf3 b5
11. Ncd2 a5 12. O-O b4 13. a4 Ba6 14. Re1 e5 15. dxe5 Nd5 16. e4 Nb6 17. b3 f6 18. exf6 Rxf6 19. Qc2 Bd3 20. Qb2 h6
21. e5 Re6 22. Re3 Bc5 23. Re1 Nd5 24. Bf1 Bxf1 25. Nxf1 h5 26. h4 Qf8 27. Kg2 Nc3 28. Bd2 Nxe5 29. Nxe5 Qxf2+ 30. Kh3 Ne2
31. Rxe2 Qxe2 32. Nc4 Qg4+ 33. Kh2 Re2+ 34. Kh1 Qh3+
0-1

[Event "Autumn 2010"]
[Site "SchemingMind.com"]
[Date "2010.09.23"]
[Round "-"]
[White "maro"]
[Black "Shell"]
[Result "1-0"]
[WhiteCountry "MEX"]
[BlackCountry "ENG"]
[WhiteElo "1304"]
[WhiteRD "54"]
[BlackElo "1272"]
[BlackRD "74"]
[GameID "261203"]

1. d4 Nf6 2. d5 d6 3. c4 c5 4. dxc6 Nxc6 5. e3 e5 6. Be2 Be7 7. Nf3 O-O 8. O-O e4 9. Nd4 Nxd4 10. Qxd4 d5
11. b3 b6 12. Nc3 Bc5 13. Qe5 Re8 14. Qf4 Bd6 15. Qh4 Be5 16. Bd2 dxc4 17. Rfd1 Ba6 18. bxc4 h6 19. Qh3 Bc8 20. Qh4 g5
21. Qxh6 Ng4 22. Bxg4 Bxg4 23. Be1 Bxd1 24. Rxd1 Bg7 25. Qh5 Qe7 26. Nd5 Qd6 27. Qxg5 Re5 28. Qg3 Qa3 29. Nf6+ Kf8 30. Nd7+ Ke7
31. Nxe5 Bf6 32. Nc6+ Ke6 33. Qg4#
1-0

[Event "Autumn 2010"]
[Site "SchemingMind.com"]
[Date "2010.09.23"]
[Round "-"]
[White "tom claxton"]
[Black "Shell"]
[Result "1-0"]
[WhiteCountry "ENG"]
[BlackCountry "ENG"]
[WhiteElo "1438"]
[WhiteRD "59"]
[BlackElo "1259"]
[BlackRD "79"]
[GameID "261204"]

1. d4 Nf6 2. Nf3 d5 3. Nc3 e6 4. Bf4 Nc6 5. e3 Bb4 6. Qd2 O-O 7. O-O-O Bxc3 8. Qxc3 Ne4 9. Qe1 f6 10. Be2 e5
11. dxe5 fxe5 12. Bxe5 a6 13. Bc4 b5 14. Bxd5+ Kh8 15. Bxc6 Rb8 16. Rxd8 Rxd8 17. Bxe4 Be6 18. Bxc7 Bxa2 19. Bxb8 Rxb8 20. Qc3 b4
21. Qe5 Rc8 22. b3 h6 23. Qf5 Kg8 24. Qh7+ Kf7 25. Qf5+ Ke7 26. Qxc8 g5 27. Rd1 Kf6 28. Qf5+ Ke7 29. Qe5+ Kf7 30. Rd6 a5
31. Bg6+ Kg8 32. Rd8#
1-0

[Event "Autumn 2010"]
[Site "SchemingMind.com"]
[Date "2010.09.24"]
[Round "-"]
[White "ashtonkroz"]
[Black "maro"]
[Result "1-0"]
[WhiteCountry "ENG"]
[BlackCountry "MEX"]
[WhiteElo "1455"]
[WhiteRD "77"]
[BlackElo "1304"]
[BlackRD "54"]
[GameID "261380"]

1. e4 e5 2. Nf3 Nc6 3. d4 exd4 4. Nxd4 Nxd4 5. Qxd4 c5 6. Qe5+ Ne7 7. Qxc5 b6 8. Qc4 Nc6 9. a3 Ne5 10. Qd5 Rb8
11. Qxe5+ Qe7 12. Qxb8 Qxe4+ 13. Kd1 Qd4+ 14. Nd2 Qc5 15. Ba6 Bd6 16. Qxc8+ Qxc8 17. Bxc8 O-O 18. Bxd7 Bc5 19. f4 Rd8 20. Bb5 Be3
21. g3
1-0

[Event "Autumn 2010"]
[Site "SchemingMind.com"]
[Date "2010.09.25"]
[Round "-"]
[White "ashtonkroz"]
[Black "Shell"]
[Result "1-0"]
[WhiteCountry "ENG"]
[BlackCountry "ENG"]
[WhiteElo "1455"]
[WhiteRD "77"]
[BlackElo "1272"]
[BlackRD "74"]
[GameID "261381"]

1. e4 e5 2. Nf3 Nc6 3. d4 exd4 4. Nxd4 Bc5 5. Nxc6 Qf6 6. Qf3 Qxc6 7. Bc4 Bb4+ 8. Bd2 Qxc4 9. b3 Qb5 10. c3 Ba5
11. c4 Bxd2+ 12. Nxd2 Qb4 13. Qd3 Nf6 14. a3 Qc5 15. b4 Qh5 16. O-O O-O 17. Nf3 d6 18. Rfe1 b6 19. e5 Bf5 20. Qd4 Rad8
21. Rad1 Bc2 22. Rd2 dxe5 23. Qxd8 Qg6 24. Rxe5 Ne4 25. Qxf8+ Kxf8 26. Rd8#
1-0

[Event "Autumn 2010"]
[Site "SchemingMind.com"]
[Date "2010.09.24"]
[Round "-"]
[White "ashtonkroz"]
[Black "tom claxton"]
[Result "1-0"]
[WhiteCountry "ENG"]
[BlackCountry "ENG"]
[WhiteElo "1455"]
[WhiteRD "77"]
[BlackElo "1386"]
[BlackRD "68"]
[GameID "261382"]

1. e4 c5 2. Nc3 Nc6 3. Bb5 e6 4. Bxc6 dxc6 5. Nf3 Bd7 6. d3 Qc7 7. O-O Bd6 8. Be3 O-O-O 9. a3 e5 10. Ng5 Be8
11. Ne2 f6 12. Ne6 Qd7 13. Nxd8 Kxd8 14. c4 Ne7 15. Ng3 Ng6 16. Nf5 b6 17. b3 Qc7 18. a4 Bd7 19. Bd2 Rg8 20. Nxd6 Qxd6
21. Be3 Nf4 22. Bxf4 exf4 23. f3 Qc7 24. d4 cxd4 25. Qxd4 c5 26. Qd5 Re8 27. Rad1 Re7 28. Qg8+ Re8 29. Qxg7 Re7 30. Qf8+ Re8
31. Qxf6+ Kc8 32. Qf7 Re7 33. Qxe7 h5 34. Qf8+ Kb7 35. Qe7 Kc6 36. Qf7 h4 37. Qd5#
1-0

[Event "Autumn 2010"]
[Site "SchemingMind.com"]
[Date "2010.09.24"]
[Round "-"]
[White "maro"]
[Black "ashtonkroz"]
[Result "1/2-1/2"]
[WhiteCountry "MEX"]
[BlackCountry "ENG"]
[WhiteElo "1304"]
[WhiteRD "54"]
[BlackElo "1455"]
[BlackRD "77"]
[GameID "261384"]

1. d4 Nf6 2. d5 c6 3. c4 cxd5 4. cxd5 h6 5. g3 Qa5+ 6. Bd2 Qxd5 7. Nf3 e6 8. Bg2 Qb5 9. b3 Nc6 10. Nc3 Qh5
11. e3 Be7 12. O-O Ne5 13. Nb5 O-O 14. Nc7 Rb8 15. Bc3 Nxf3+ 16. Bxf3 Qc5 17. Bxf6 Bxf6 18. Rc1 Qa5 19. a4 Be5 20. Nb5 a6
21. Nd4 d5 22. Be2 Bd7 23. Nf3 Bc6 24. Nxe5 Rbc8 25. Nd3 b5 26. axb5 axb5 27. b4 Qa7 28. Ne5 Qb7 29. Qd4 Rfd8 30. Rc2 Rd6
31. Nxf7 Qxf7 32. Qb6 Qb7 33. Qd4 Rf8 34. f4 Qa8 35. Ra1 Qe8 36. Ra6 Qd7 37. Rc5 Qb7 38. Ra5 Ra8 39. Bxb5 Rxa5 40. Bxc6 Rxc6
41. Rxa5 Rc4 42. Ra7 Rxd4 43. Rxb7 Rd1+ 44. Kf2 Rb1 45. Rb8+ Kh7 46. Ke2 Rb2+ 47. Kd3 Rxh2 48. b5 Kg6 49. b6 Rb2 50. Kd4 Kf6
51. Rf8+ Ke7 52. Rb8 Kd6 53. Kc3 Rb5 54. Kd4 Rb4+ 55. Kc3 Rb5 56. Kd4 Rb4+ 57. Kc3 Rb5 58. Kd4 Rb4+
1/2-1/2

[Event "Autumn 2010"]
[Site "SchemingMind.com"]
[Date "2010.09.30"]
[Round "-"]
[White "Maksymiliang"]
[Black "Shanks"]
[Result "0-1"]
[WhiteCountry "POL"]
[BlackCountry "ENG"]
[WhiteElo "1245"]
[WhiteRD "91"]
[BlackElo "1452"]
[BlackRD "68"]
[GameID "261498"]

1. Nf3 d5 2. c4 d4 3. d3 c5 4. e3 dxe3 5. fxe3 e6 6. Nc3 Nf6 7. Be2 b6 8. O-O Bb7 9. b3 a6 10. Bb2 Nc6
11. a3 Bd6 12. Bc1 Qc7 13. Bb2 O-O
0-1

[Event "Autumn 2010"]
[Site "SchemingMind.com"]
[Date "2010.09.25"]
[Round "-"]
[White "Maksymiliang"]
[Black "maro"]
[Result "0-1"]
[WhiteCountry "POL"]
[BlackCountry "MEX"]
[WhiteElo "1238"]
[WhiteRD "94"]
[BlackElo "1324"]
[BlackRD "61"]
[GameID "261499"]

1. e4 e5 2. Nf3 Nc6 3. Bc4 Nh6 4. d3 Bc5 5. Bxh6 gxh6 6. Nc3 Nd4 7. Nxe5 Nxc2+ 8. Qxc2 O-O 9. O-O-O Qg5+ 10. Qd2 Qxe5
11. f4 Qd4 12. a3 Be7 13. h4 d6 14. f5 c6 15. Qxh6 d5 16. Ne2 Qe5 17. Bb3 Bf6 18. Rd2 Qd6 19. Qf4 Be5 20. Qg4+ Kh8
21. d4 Rg8 22. Qf3 Bg3 23. e5 Qh6 24. Nxg3 a5 25. Nh5 Ra6 26. g4 Rb6 27. g5 Qf8 28. Nf6 Rg7 29. Rg2 c5 30. Nxd5 Rc6
31. Kb1 cxd4 32. Ne7 Qxe7 33. f6 Qxe5 34. fxg7+ Qxg7 35. Bxf7 d3 36. g6 hxg6 37. h5 g5 38. Bg6 Rd6 39. Bxd3 Rb6 40. Qe3 Rb3
41. Qe8+ Qg8 42. Qxg8+ Kxg8
0-1

[Event "Autumn 2010"]
[Site "SchemingMind.com"]
[Date "2010.09.26"]
[Round "-"]
[White "Maksymiliang"]
[Black "Shell"]
[Result "0-1"]
[WhiteCountry "POL"]
[BlackCountry "ENG"]
[WhiteElo "1245"]
[WhiteRD "91"]
[BlackElo "1256"]
[BlackRD "73"]
[GameID "261500"]

1. d4 d5 2. c4 e6 3. Nc3 Nf6 4. Nf3 c6 5. Bf4 Be7 6. e3 O-O 7. Bd3 Nbd7 8. O-O Nh5 9. Bg3 Nxg3 10. hxg3 dxc4
11. Bxc4 b5 12. Be2 Qa5 13. a3 f6 14. b4 Qc7 15. Rc1 e5 16. dxe5 fxe5 17. Nxb5 Qb6 18. Nd6 Bxd6 19. Qxd6 Rf6
0-1

[Event "Autumn 2010"]
[Site "SchemingMind.com"]
[Date "2010.09.26"]
[Round "-"]
[White "Maksymiliang"]
[Black "tom claxton"]
[Result "1-0"]
[WhiteCountry "POL"]
[BlackCountry "ENG"]
[WhiteElo "1269"]
[WhiteRD "88"]
[BlackElo "1400"]
[BlackRD "60"]
[GameID "261502"]

1. d4 d5 2. Nf3 Nc6 3. c4 dxc4 4. Nc3 e6 5. e4 f6 6. Bxc4 e5 7. d5 Nb4 8. O-O c6 9. dxc6 Nxc6 10. Qxd8+ Nxd8
11. Bb5+ Nc6 12. Bxc6+ Kd8 13. Bd5 Ne7 14. Be3 Nxd5 15. Nxd5 Bd6 16. h3 Bd7 17. Rac1 Bb5 18. Rfe1 Rc8 19. Rxc8+ Kxc8 20. Bxa7 Bc4
21. Nb6+ Kd8 22. Nxc4 Kd7 23. Rd1 Ra8 24. Nb6+ Ke6 25. Nxa8 b5 26. Rd5 b4 27. Bc5 Bxc5 28. Nc7+ Kf7 29. Rxc5 Kg6 30. Nxe5+ fxe5
31. Rxe5 Kf6 32. Re6+ Kg5 33. g3 g6 34. Kg2 h5 35. f4+ Kh6 36. h4 b3 37. a3 Kg7 38. f5 gxf5 39. Ne8+ Kf7 40. exf5 Kf8
41. f6 Kf7 42. Re7+ Kg6 43. f7 Kh7 44. f8=R+ Kh6 45. Ref7 Kg6 46. Rg7+ Kh6 47. Rh8#
1-0

[Event "Autumn 2010"]
[Site "SchemingMind.com"]
[Date "2010.09.30"]
[Round "-"]
[White "Shanks"]
[Black "Maksymiliang"]
[Result "1-0"]
[WhiteCountry "ENG"]
[BlackCountry "POL"]
[WhiteElo "1452"]
[WhiteRD "68"]
[BlackElo "1245"]
[BlackRD "91"]
[GameID "261503"]

1. d4 d5 2. Nf3 Nf6 3. a3 e6 4. g3 Be7 5. Bg2 c6 6. c3 Nbd7 7. Nbd2 O-O 8. O-O b6 9. Ne5 Bb7 10. Nxd7 Qxd7
11. Nf3 Qd8 12. Bd2 h6 13. e3
1-0

[Event "Autumn 2010"]
[Site "SchemingMind.com"]
[Date "2010.09.29"]
[Round "-"]
[White "maro"]
[Black "Maksymiliang"]
[Result "1-0"]
[WhiteCountry "MEX"]
[BlackCountry "POL"]
[WhiteElo "1316"]
[WhiteRD "61"]
[BlackElo "1269"]
[BlackRD "88"]
[GameID "261504"]

1. d4 d6 2. e4 Nf6 3. Nc3 g6 4. Be3 Bg7 5. Bc4 O-O 6. Nf3 Nbd7 7. O-O e5 8. dxe5 dxe5 9. Nd5 h6 10. Qd2 Kh7
11. Rad1 g5 12. Qc3 c6 13. Nxf6+ Qxf6 14. Rd2 Nb6 15. Bb3 Bg4 16. Nxe5 Be6 17. Bd4 Qf4 18. Re1 Bxb3 19. g3 Qxd2 20. Qxd2 Be6
21. b3 Rad8 22. c3 c5 23. Ng4 Bxg4 24. Qc2 cxd4 25. e5+ Kg8 26. Re4 Bf5 27. cxd4 Bxe4 28. Qxe4 f5 29. exf6 Rxf6 30. Qxb7 Rxd4
31. Qxa7
1-0

[Event "Autumn 2010"]
[Site "SchemingMind.com"]
[Date "2010.09.29"]
[Round "-"]
[White "Shell"]
[Black "Maksymiliang"]
[Result "1-0"]
[WhiteCountry "ENG"]
[BlackCountry "POL"]
[WhiteElo "1256"]
[WhiteRD "73"]
[BlackElo "1245"]
[BlackRD "91"]
[GameID "261505"]

1. d4 Nf6 2. c4 c5 3. d5 d6 4. Nc3 e6 5. e4 Be7 6. Nf3 O-O 7. Be2 a6 8. a4 b6 9. O-O Bb7 10. a5 bxa5
11. Qc2 Nbd7 12. Bd3 h6 13. dxe6 fxe6 14. Bd2 Bc6 15. Nh4 Ne5 16. Ng6 Nxg6 17. g3 e5 18. f4 exf4 19. gxf4 Nh8 20. e5 Nd7
21. Bh7+
1-0

[Event "Autumn 2010"]
[Site "SchemingMind.com"]
[Date "2010.09.29"]
[Round "-"]
[White "tom claxton"]
[Black "Maksymiliang"]
[Result "0-1"]
[WhiteCountry "ENG"]
[BlackCountry "POL"]
[WhiteElo "1440"]
[WhiteRD "62"]
[BlackElo "1286"]
[BlackRD "99"]
[GameID "261507"]

1. e4 c5 2. Nf3 e6 3. Nc3 Nc6 4. d3 d6 5. Be3 Nf6 6. Be2 Be7 7. O-O O-O 8. Qd2 Bd7 9. Nd1 a6 10. c4 b5
11. b3 b4 12. Nb2 Qc7 13. Bf4 e5 14. Bg3 Nd4 15. Nxd4 exd4 16. f3 a5 17. f4 Bg4 18. f5 Bxe2 19. Qxe2 Qd7 20. Bh4 h6
21. Rf3 Ng4 22. Bxe7 Qxe7 23. Rh3 Ne3 24. Re1 Rfe8 25. Nd1 Nxf5 26. Nf2 Ne3 27. Ng4 Nxg4 28. Qxg4 Qg5 29. Qxg5 hxg5 30. Rf1 a4
31. Kf2 axb3 32. axb3 Ra2+ 33. Kg1 Rb2 34. Rf5 Ra8 35. Rxg5 Ra1#
0-1

[Event "Autumn 2010"]
[Site "SchemingMind.com"]
[Date "2010.10.03"]
[Round "-"]
[White "pclaxton"]
[Black "Maksymiliang"]
[Result "1-0"]
[WhiteCountry "ENG"]
[BlackCountry "POL"]
[WhiteElo "1359"]
[WhiteRD "60"]
[BlackElo "1269"]
[BlackRD "88"]
[GameID "262128"]

1. e4 c6 2. d4 d5 3. e5 Bf5 4. Bd3 Bxd3 5. Qxd3 e6 6. Nf3 Nd7 7. c4 Bb4+ 8. Bd2 Bxd2+ 9. Kxd2 dxc4 10. Qxc4 Rc8
11. Nc3 b5 12. Qb4 Ne7 13. a4 a6 14. Ng5 Nxe5 15. Rhe1 c5 16. Qb3 Qxd4+ 17. Kc2 Qd3+ 18. Kc1 Nc4 19. Rd1 Qf5 20. Nge4 O-O
21. axb5 Qf4+ 22. Rd2 Nxd2 23. Nxd2 Rfd8 24. Nb1 axb5 25. Qxb5 Qxf2 26. Ne4 Qe1+ 27. Kc2 Qxe4+ 28. Kb3 Rb8 29. Qxb8 Rxb8+ 30. Kc3 Qd4+
31. Kc2 Qxb2+ 32. Kd1 Qxa1 33. Kd2
1-0

[Event "Autumn 2010"]
[Site "SchemingMind.com"]
[Date "2010.10.03"]
[Round "-"]
[White "pclaxton"]
[Black "Shanks"]
[Result "0-1"]
[WhiteCountry "ENG"]
[BlackCountry "ENG"]
[WhiteElo "1359"]
[WhiteRD "60"]
[BlackElo "1420"]
[BlackRD "68"]
[GameID "262129"]

1. e4 c5 2. d3 e5 3. Nf3 d6 4. Bg5 Qc7 5. Nc3 h6 6. Be3 Ne7 7. Nb5 Qa5+ 8. Bd2 Qxb5 9. d4 Qd7 10. b4 cxd4
11. c3 dxc3 12. Bxc3 a6 13. Qb3 b5 14. a4 Bb7 15. axb5 Bxe4 16. bxa6 Bd5 17. Bc4 Bxc4 18. Qxc4 Ng6 19. O-O Be7 20. h4 O-O
21. b5 d5 22. Qd3 e4 23. Qd4 Bf6 24. Qe3 exf3 25. Qxf3 Bxc3 26. Qxc3 Nxh4 27. g3 Nf5 28. Rad1 Qxb5 29. Qf3 Qd7 30. Qxd5 Qxd5
31. Rxd5 Ne7 32. Ra5 Nbc6 33. Ra4 Na7 34. Re1 Ng6 35. f3 f5 36. Re6 Kh7 37. Rc4 f4 38. g4 Rad8 39. Rc7 Rd1+ 40. Kf2 Rd2+
41. Ke1 Rd3 42. Rxa7 Rxf3 43. Ke2 Rg3 44. Kf2 Rxg4 45. Kf3 Rg3+ 46. Ke4 f3 47. Rd7 f2 48. a7 f1=Q 49. Ra6 Qc4+ 50. Rd4 Qxa6
51. Kd5 Qxa7 52. Kc4 Qa4+ 53. Kd5 Rd8+ 54. Ke6 Qxd4 55. Kf7 Qd7#
0-1

[Event "Autumn 2010"]
[Site "SchemingMind.com"]
[Date "2010.10.01"]
[Round "-"]
[White "pclaxton"]
[Black "maro"]
[Result "0-1"]
[WhiteCountry "ENG"]
[BlackCountry "MEX"]
[WhiteElo "1287"]
[WhiteRD "88"]
[BlackElo "1304"]
[BlackRD "54"]
[GameID "262130"]

1. e3 e5 2. Nf3 Nc6 3. d4 e4 4. Nfd2 d5 5. c4 dxc4 6. Nxc4 Bb4+ 7. Bd2 Qe7 8. d5 b5 9. dxc6 bxc4 10. Bxc4 Be6
11. Bxe6 fxe6 12. a3 Bxd2+ 13. Qxd2 Rd8 14. Qa5 Nf6 15. Qxa7 O-O 16. f3 exf3 17. gxf3 Nd5 18. f4 Qh4+ 19. Kd2 Nxf4+ 20. Kc2 Qf2+
21. Kc1 Ne2+ 22. Kc2 Ng3+ 23. Nd2 Qxd2+ 24. Kb3 Nxh1 25. Rxh1 Qd5+ 26. Kc2 Qxc6+ 27. Kb3 Qxh1 28. Qxc7 Rd3+ 29. Kb4 Qe4+ 30. Kb5 Rb3+
31. Ka5 Ra8+
0-1

[Event "Autumn 2010"]
[Site "SchemingMind.com"]
[Date "2010.10.01"]
[Round "-"]
[White "pclaxton"]
[Black "Shell"]
[Result "1-0"]
[WhiteCountry "ENG"]
[BlackCountry "ENG"]
[WhiteElo "1261"]
[WhiteRD "60"]
[BlackElo "1287"]
[BlackRD "77"]
[GameID "262131"]

1. e4 e5 2. c4 Nf6 3. f3 Bc5 4. Nc3 Nc6 5. Na4 Bb4 6. a3 Ba5 7. b4 Nxb4 8. axb4 Bxb4 9. Rb1 a5 10. Nb2 O-O
11. Nh3 c6 12. g4 b5 13. Bd3 d5 14. cxb5 c5 15. g5 c4 16. Bc2 Bxh3 17. Na4 Nh5 18. exd5 Ng3 19. hxg3 e4 20. fxe4 Qd7
21. Nb6 Qxb5 22. Nxa8 Rxa8 23. Rxh3 f5 24. Qh5 h6 25. exf5 Re8+ 26. Kd1 Qd7 27. gxh6 gxh6 28. Qxh6 Bf8 29. Qg5+ Bg7 30. f6 Qxh3
31. Qxg7#
1-0

[Event "Autumn 2010"]
[Site "SchemingMind.com"]
[Date "2010.10.01"]
[Round "-"]
[White "pclaxton"]
[Black "ashtonkroz"]
[Result "0-1"]
[WhiteCountry "ENG"]
[BlackCountry "ENG"]
[WhiteElo "1300"]
[WhiteRD "64"]
[BlackElo "1447"]
[BlackRD "73"]
[GameID "262132"]

1. e4 e5 2. Nf3 d6 3. c3 h6 4. d4 Bg4 5. h3 Be6 6. dxe5 a6 7. Bf4 Nc6 8. Nbd2 dxe5 9. Nxe5 Bd6 10. Nxc6 Qd7
11. Bxd6 Qxd6 12. Nd4 Ne7 13. Nxe6 Qxe6 14. Bc4 Qc6 15. Qf3 f6 16. Qg4 g5 17. f4 h5 18. Qf3 O-O-O 19. O-O-O Ng6 20. f5 Ne5
21. Qe2 h4 22. Rhg1 b5 23. Be6+ Kb8 24. g3 Rd3 25. Bd5 Qb6 26. Rg2 hxg3 27. Nf1 Rxd1+ 28. Kxd1 Rxh3 29. Nxg3 a5 30. b4 axb4
31. cxb4 Qd4+ 32. Ke1 Nd3+ 33. Kf1 Qa1+ 34. Qe1 Qxe1#
0-1

[Event "Autumn 2010"]
[Site "SchemingMind.com"]
[Date "2010.10.02"]
[Round "-"]
[White "pclaxton"]
[Black "tom claxton"]
[Result "1-0"]
[WhiteCountry "ENG"]
[BlackCountry "ENG"]
[WhiteElo "1300"]
[WhiteRD "64"]
[BlackElo "1438"]
[BlackRD "59"]
[GameID "262133"]

1. e4 e5 2. d3 d6 3. f4 f6 4. f5 Ne7 5. Nc3 Nbc6 6. Be3 Nd4 7. Nf3 Nxf3+ 8. gxf3 c5 9. f4 Nc6 10. fxe5 dxe5
11. Na4 Nd4 12. c3 b6 13. cxd4 cxd4 14. Bd2 Bd7 15. Rc1 g6 16. fxg6 hxg6 17. Rg1 g5 18. h3 Bxh3 19. Qf3 Qd7 20. b3 Ba3
21. Rc4 Rc8 22. Rxc8+ Qxc8 23. Qxf6 Rf8 24. Qxe5+ Be7 25. Bxg5 Qe6 26. Qb8+ Kf7 27. Qf4+ Ke8 28. Qc7 Bxg5 29. Rxg5 Rxf1+ 30. Ke2 Rf7
31. Rg8+ Rf8 32. Qb8+ Kf7 33. Qxf8#
1-0